[Event "Titled Tuesday intern op 7th Mar Early"]
[Site "Chess.com INT"]
[Date "2023.03.07"]
[Round "1"]
[White "Maksimenko, Viktor"]
[Black "Blokhin, Sofia"]
[Result "1-0"]
[WhiteElo "2196"]
[BlackElo "2056"]
[PlyCount "113"]
[EventDate "2023.03.07"]
[EventType "swiss (blitz)"]
[EventRounds "11"]
[EventCountry "USA"]
[SourceTitle "EXT 2024"]
[Source "ChessBase"]
[SourceDate "2023.10.10"]
[SourceVersion "1"]
[SourceVersionDate "2023.10.10"]
[SourceQuality "1"]

1. d4 f5 2. g3 e6 3. Bg2 Nf6 4. Nh3 Be7 5. c4 0-0 6. 0-0 d5 7. Nc3 c6 8. Qc2 Ne4 9. a3 b6 10. Nf4 g5 11. Nd3 Nd7 12. cxd5 cxd5 13. Rd1 Bb7 14. Nxe4 dxe4 15. Qb3 Bd5 16. Qb5 a6 17. Qa4 exd3 18. Bxd5 exd5 19. exd3 b5 20. Qb3 Nb6 21. Bd2 Bf6 22. Ba5 Bxd4 23. Rac1 Qd6 24. Bb4 Qh6 25. Bxf8 Rxf8 26. Qb4 Bxf2+ 27. Kxf2 Qxh2+ 28. Kf1 Re8 29. Qd2 Qh1+ 30. Kf2 Qh2+ 31. Kf3 g4+ 32. Kf4 Qh6+ 33. Kxf5 Qe6+ 34. Kg5 Qg6+ 35. Kf4 Rf8+ 36. Ke3 d4+ 37. Kxd4 Qf6+ 38. Kc5 Na4+ 39. Kb4 Qd4+ 40. Kb3 Qd5+ 41. Kb4 Qd4+ 42. Kb3 Qd5+ 43. Kc2 Qa2 44. Qb4 Rc8+ 45. Kd2 Rf8 46. Rf1 Re8 47. Qxg4+ Kh8 48. Qd4+ Kg8 49. Rc7 Qxb2+ 50. Qxb2 Nxb2 51. Rff7 Na4 52. Rg7+ Kh8 53. Rxh7+ Kg8 54. Rhg7+ Kh8 55. Rgd7 Re6 56. Rc8+ Re8 57. Rxe8# 1-0

[Event "Titled Tuesday intern op 21st Feb Early"]
[Site "Chess.com INT"]
[Date "2023.02.21"]
[Round "6"]
[White "Maksimenko, Viktor"]
[Black "Carrasco Miranda, Andres"]
[Result "1-0"]
[WhiteElo "2196"]
[BlackElo "2285"]
[PlyCount "47"]
[EventDate "2023.02.21"]
[EventType "swiss (blitz)"]
[EventRounds "11"]
[EventCountry "USA"]
[SourceTitle "CBM 212 Extra"]
[Source "ChessBase"]
[SourceDate "2023.03.31"]
[SourceVersion "1"]
[SourceVersionDate "2023.03.31"]
[SourceQuality "1"]

1. d4 Nf6 2. c4 g6 3. Nc3 d5 4. cxd5 Nxd5 5. e4 Nxc3 6. bxc3 Bg7 7. Nf3 c5 8. Bb5+ Nc6 9. 0-0 0-0 10. Bxc6 bxc6 11. Qc2 Bg4 12. Ne5 Bxe5 13. dxe5 c4 14. Ba3 Qd3 15. Qxd3 cxd3 16. f3 Be6 17. Bxe7 Rfb8 18. Rfd1 Bc4 19. Rd2 Rb5 20. Bd6 a5 21. Kf2 a4 22. a3 Rb3 23. Ke3 Rxc3 24. Kd4 1-0

[Event "Titled Tuesday intern op 21st Feb Early"]
[Site "Chess.com INT"]
[Date "2023.02.21"]
[Round "4"]
[White "Maksimenko, Viktor"]
[Black "Lenderman, Aleksandr"]
[Result "0-1"]
[WhiteElo "2196"]
[BlackElo "2572"]
[PlyCount "64"]
[EventDate "2023.02.21"]
[EventType "swiss (blitz)"]
[EventRounds "11"]
[EventCountry "USA"]
[SourceTitle "CBM 212 Extra"]
[Source "ChessBase"]
[SourceDate "2023.03.31"]
[SourceVersion "1"]
[SourceVersionDate "2023.03.31"]
[SourceQuality "1"]

1. d4 e6 2. c4 b6 3. a3 Bb7 4. Nf3 f5 5. g3 Nf6 6. Bg2 Be7 7. 0-0 0-0 8. Nc3 Ne4 9. Qc2 Nxc3 10. Qxc3 Be4 11. Rd1 Bf6 12. Qe1 Nc6 13. Be3 Na5 14. Nd2 Bxg2 15. Kxg2 d5 16. b3 dxc4 17. bxc4 Nxc4 18. Nxc4 Qd5+ 19. Kg1 Qxc4 20. Rdc1 Qd5 21. Rxc7 Rfc8 22. Qc3 Rxc7 23. Qxc7 Bxd4 24. Rd1 e5 25. Bxd4 exd4 26. a4 h6 27. h4 Re8 28. Qxa7 Rxe2 29. Qxb6 d3 30. Qb1 Qf3 31. Rf1 d2 32. a5 Rxf2 0-1

[Event "Titled Tuesday intern op 14th Feb Early"]
[Site "Chess.com INT"]
[Date "2023.02.14"]
[Round "2"]
[White "Liu, Casper Yukun"]
[Black "Maksimenko, Viktor"]
[Result "0-1"]
[WhiteElo "2240"]
[BlackElo "2196"]
[PlyCount "74"]
[EventDate "2023.02.14"]
[EventType "swiss (blitz)"]
[EventRounds "11"]
[EventCountry "USA"]
[SourceTitle "CBM 212 Extra"]
[Source "ChessBase"]
[SourceDate "2023.03.31"]
[SourceVersion "1"]
[SourceVersionDate "2023.03.31"]
[SourceQuality "1"]

1. d4 Nf6 2. c4 e6 3. Nc3 Bb4 4. e3 0-0 5. Bd3 Re8 6. Nge2 d5 7. 0-0 Nbd7 8. a3 Bf8 9. c5 e5 10. b4 e4 11. Bc2 c6 12. f3 exf3 13. Rxf3 g6 14. Ng3 h5 15. e4 h4 16. e5 hxg3 17. exf6 gxh2+ 18. Kh1 Nxf6 19. Bg5 Be7 20. Qf1 Ng4 21. Bd2 Be6 22. Re1 Qd7 23. Ne2 Bh4 24. g3 Be7 25. Nf4 Bf5 26. Bxf5 Qxf5 27. Ne6 fxe6 28. Rxf5 exf5 29. Qf4 Bf6 30. Rf1 Re7 31. b5 Rae8 32. bxc6 bxc6 33. Qd6 Re6 34. Qd7 R8e7 35. Qc8+ Kg7 36. Bf4 Re1 37. Qa6 R7e2 0-1

[Event "Titled Tuesday intern op 07th Feb Early"]
[Site "Chess.com INT"]
[Date "2023.02.07"]
[Round "3"]
[White "Maksimenko, Viktor"]
[Black "Afanasieva, Alexandra"]
[Result "1-0"]
[WhiteElo "2196"]
[BlackElo "1857"]
[PlyCount "61"]
[EventDate "2023.02.07"]
[EventType "swiss (blitz)"]
[EventRounds "11"]
[EventCountry "USA"]
[SourceTitle "EXT 2024"]
[Source "ChessBase"]
[SourceDate "2023.10.10"]
[SourceVersion "1"]
[SourceVersionDate "2023.10.10"]
[SourceQuality "1"]

1. d4 Nf6 2. c4 e6 3. Nf3 b6 4. a3 Bb7 5. Nc3 d5 6. Bg5 Be7 7. e3 Nbd7 8. Qc2 h6 9. Bh4 c5 10. cxd5 Nxd5 11. Bxe7 Qxe7 12. Bb5 0-0 13. Bxd7 Qxd7 14. dxc5 bxc5 15. Ne4 Qc6 16. Nc3 Ba6 17. 0-0-0 Rab8 18. Rd2 Rfc8 19. Rhd1 Nb4 20. Qe4 Na2+ 21. Kc2 Nxc3 22. Qxc6 Rxc6 23. Rd8+ Rxd8 24. Rxd8+ Kh7 25. Kxc3 Rb6 26. Nd2 Kg6 27. f3 c4 28. Rd7 Rc6 29. Rxa7 f5 30. f4 Rd6 31. Nf3 1-0

[Event "Titled Tuesday intern op 07th Feb Early"]
[Site "Chess.com INT"]
[Date "2023.02.07"]
[Round "2"]
[White "Ozen, Bahadir"]
[Black "Maksimenko, Viktor"]
[Result "1-0"]
[WhiteElo "2369"]
[BlackElo "2196"]
[PlyCount "103"]
[EventDate "2023.02.07"]
[EventType "swiss (blitz)"]
[EventRounds "11"]
[EventCountry "USA"]
[SourceTitle "EXT 2024"]
[Source "ChessBase"]
[SourceDate "2023.10.10"]
[SourceVersion "1"]
[SourceVersionDate "2023.10.10"]
[SourceQuality "1"]

1. g3 d5 2. Nf3 Nf6 3. Bg2 Bf5 4. d3 h6 5. c4 c6 6. Qb3 Qb6 7. Qxb6 axb6 8. cxd5 cxd5 9. Nd4 Bg6 10. Nc3 e6 11. Ndb5 Kd7 12. 0-0 Nc6 13. a3 Be7 14. Bf4 Rhc8 15. Rfc1 Na5 16. Na4 Bd8 17. Rxc8 Rxc8 18. b4 Nc6 19. Be3 Ra8 20. Nxb6+ Bxb6 21. Bxb6 Nxb4 22. Rb1 Nc6 23. f4 Ne8 24. Kf2 Nd6 25. Nxd6 Kxd6 26. Rb3 f6 27. e4 dxe4 28. dxe4 e5 29. Rd3+ Ke7 30. Bc5+ Ke8 31. Ke3 Bf7 32. Bh3 Rd8 33. Rxd8+ Kxd8 34. Bf8 g5 35. Bxh6 gxf4+ 36. gxf4 Na5 37. fxe5 fxe5 38. Bf8 Nc4+ 39. Kf2 Nd2 40. Bf5 Ke8 41. Bc5 Nb3 42. Bd6 Nd4 43. Bc8 Nb5 44. Bxe5 Nxa3 45. Bxb7 Nc4 46. Bf6 Nd6 47. Bc6+ Kf8 48. Ke3 Be6 49. Kf4 Kf7 50. Bd4 Ne8 51. h4 Kg6 52. Bxe8+ 1-0

[Event "Titled Tuesday intern op 17th Jan Early"]
[Site "Chess.com INT"]
[Date "2023.01.17"]
[Round "7"]
[White "Bacrot, Etienne"]
[Black "Maksimenko, Viktor"]
[Result "1/2-1/2"]
[WhiteElo "2653"]
[BlackElo "2196"]
[PlyCount "106"]
[EventDate "2023.01.17"]
[EventType "swiss (blitz)"]
[EventRounds "11"]
[EventCountry "USA"]
[SourceTitle "CBM 212 Extra"]
[Source "ChessBase"]
[SourceDate "2023.03.31"]
[SourceVersion "1"]
[SourceVersionDate "2023.03.31"]
[SourceQuality "1"]

1. e4 e5 2. Nf3 Nc6 3. Bb5 a6 4. Ba4 Nf6 5. d3 b5 6. Bb3 Bc5 7. Nc3 d6 8. a3 Rb8 9. h3 h6 10. Be3 Bxe3 11. fxe3 0-0 12. Qd2 Be6 13. Bxe6 fxe6 14. 0-0 Qe7 15. Ne2 Rf7 16. Ng3 Rbf8 17. Rf2 Nh7 18. Raf1 Nd8 19. d4 exd4 20. exd4 Ng5 21. Nxg5 Rxf2 22. Rxf2 Rxf2 23. Kxf2 hxg5 24. Nf1 Qf6+ 25. Kg1 Nc6 26. c3 Na5 27. Ne3 Qf4 28. Qd3 Nb3 29. e5 Nc1 30. Qd2 Nb3 31. Qd3 Nc1 32. Qd2 Nb3 33. Qf2 dxe5 34. dxe5 Qxe5 35. Ng4 Qf4 36. Qe2 Nc5 37. Ne5 Qc1+ 38. Kh2 Qf4+ 39. Kg1 Ne4 40. Nd3 Qf5 41. Qe3 c5 42. Ne1 Qf4 43. Qe2 c4 44. Nf3 e5 45. Qe1 g4 46. hxg4 Qxg4 47. Nxe5 Qf4 48. Nf3 g5 49. Nd4 g4 50. Ne6 Qe5 51. Nd4 Qf4 52. Ne6 Qe5 53. Nd4 Qf4 1/2-1/2

[Event "Titled Tuesday intern op 17th Jan Early"]
[Site "Chess.com INT"]
[Date "2023.01.17"]
[Round "3"]
[White "Maksimenko, Viktor"]
[Black "Mamedov, Edgar"]
[Result "1/2-1/2"]
[WhiteElo "2196"]
[BlackElo "2281"]
[PlyCount "122"]
[EventDate "2023.01.17"]
[EventType "swiss (blitz)"]
[EventRounds "11"]
[EventCountry "USA"]
[SourceTitle "CBM 212 Extra"]
[Source "ChessBase"]
[SourceDate "2023.03.31"]
[SourceVersion "1"]
[SourceVersionDate "2023.03.31"]
[SourceQuality "1"]

1. c4 c6 2. e4 d5 3. exd5 cxd5 4. d4 Nf6 5. Nc3 Nc6 6. Nf3 Be6 7. c5 g6 8. Bb5 Bg7 9. Ne5 Bd7 10. Nxd7 Nxd7 11. Be3 e6 12. 0-0 0-0 13. a3 a6 14. Be2 Qf6 15. Qa4 Nxc5 16. dxc5 d4 17. Bd2 dxc3 18. Bxc3 Nd4 19. Bc4 Qg5 20. Bxd4 Bxd4 21. Bxe6 Qxc5 22. Rac1 Qe5 23. Ba2 Bxb2 24. Rc2 Bd4 25. Qb3 b6 26. g3 Bc5 27. Qf3 Kg7 28. Kg2 Ra7 29. h4 h5 30. Rc4 Re7 31. Rf4 Qb2 32. Bc4 Qxa3 33. Qxa3 Bxa3 34. Bxa6 Bc5 35. Bc4 Rd8 36. Ra1 Rd4 37. Rxd4 Bxd4 38. Ra2 Bc5 39. Bb5 Re4 40. Bc6 Re6 41. Bd5 Rd6 42. Bc4 Rd7 43. Rc2 Rc7 44. Re2 Bxf2 45. Bd5 Bc5 46. Bb3 Rd7 47. Bc4 Rd4 48. Bb5 Rb4 49. Bc6 Bd6 50. Rd2 Be5 51. Rd7 Rb3 52. Rxf7+ Kxf7 53. Bd5+ Ke7 54. Bxb3 Kd6 55. Bf7 g5 56. hxg5 Ke7 57. Bxh5 Kf8 58. Be2 Kg7 59. Bb5 Bd6 60. Kf3 Be7 61. Kf4 Bd6+ 1/2-1/2

[Event "Titled Tuesday intern op 17th Jan Early"]
[Site "Chess.com INT"]
[Date "2023.01.17"]
[Round "6"]
[White "Maksimenko, Viktor"]
[Black "Ovezdurdiyeva, Jemal"]
[Result "1-0"]
[WhiteElo "2196"]
[BlackElo "2127"]
[PlyCount "81"]
[EventDate "2023.01.17"]
[EventType "swiss (blitz)"]
[EventRounds "11"]
[EventCountry "USA"]
[SourceTitle "CBM 212 Extra"]
[Source "ChessBase"]
[SourceDate "2023.03.31"]
[SourceVersion "1"]
[SourceVersionDate "2023.03.31"]
[SourceQuality "1"]

1. d4 Nf6 2. c4 e6 3. Nf3 b6 4. a3 Bb7 5. Nc3 d5 6. Bg5 Be7 7. e3 0-0 8. Qc2 c5 9. cxd5 exd5 10. Bd3 h6 11. Bh4 Nc6 12. dxc5 bxc5 13. Rd1 d4 14. Ne4 Nxe4 15. Bxe7 Qxe7 16. Bxe4 dxe3 17. 0-0 exf2+ 18. Rxf2 Nd4 19. Bh7+ Kh8 20. Nxd4 cxd4 21. Bd3 Rae8 22. Qb3 Ba8 23. Rdf1 Qg5 24. Qb4 Qe5 25. Kh1 Qd5 26. h3 Qd7 27. Kg1 Qd5 28. Bc4 Qg5 29. Bd3 Qe3 30. Rd1 f5 31. Qd2 f4 32. Rdf1 Qxd2 33. Rxd2 g5 34. Bc4 Rc8 35. b3 Rcd8 36. Rfd1 f3 37. g3 Rde8 38. Kf2 Re3 39. Rxd4 Rc3 40. Rd8 Rc2+ 41. Kf1 1-0

[Event "Titled Tuesday intern op 17th Jan Early"]
[Site "Chess.com INT"]
[Date "2023.01.17"]
[Round "2"]
[White "Maksimenko, Viktor"]
[Black "Quinonez Garcia, Santiago"]
[Result "1-0"]
[WhiteElo "2196"]
[BlackElo "2248"]
[PlyCount "53"]
[EventDate "2023.01.17"]
[EventType "swiss (blitz)"]
[EventRounds "11"]
[EventCountry "USA"]
[SourceTitle "CBM 212 Extra"]
[Source "ChessBase"]
[SourceDate "2023.03.31"]
[SourceVersion "1"]
[SourceVersionDate "2023.03.31"]
[SourceQuality "1"]

1. d4 Nf6 2. c4 g6 3. Nc3 d5 4. cxd5 Nxd5 5. e4 Nxc3 6. bxc3 Bg7 7. Nf3 c5 8. Bb5+ Bd7 9. Be2 0-0 10. 0-0 b6 11. Be3 Qc7 12. Rc1 e5 13. Nxe5 Bxe5 14. dxe5 Qxe5 15. Qd2 Bc6 16. f3 Nd7 17. Bf4 Qe6 18. Rfd1 Ne5 19. Qd6 Nd7 20. Bg3 Rac8 21. Qxe6 fxe6 22. Rd6 Kf7 23. Bc4 Rfe8 24. Rcd1 Re7 25. Bh4 b5 26. Bxe7 bxc4 27. Rxd7 1-0

[Event "Titled Tuesday intern op 17th Jan Early"]
[Site "Chess.com INT"]
[Date "2023.01.17"]
[Round "5"]
[White "Remizov, Yaroslav"]
[Black "Maksimenko, Viktor"]
[Result "1/2-1/2"]
[WhiteElo "2396"]
[BlackElo "2196"]
[PlyCount "134"]
[EventDate "2023.01.17"]
[EventType "swiss (blitz)"]
[EventRounds "11"]
[EventCountry "USA"]
[SourceTitle "CBM 212 Extra"]
[Source "ChessBase"]
[SourceDate "2023.03.31"]
[SourceVersion "1"]
[SourceVersionDate "2023.03.31"]
[SourceQuality "1"]

1. e4 e5 2. Nf3 Nc6 3. Nc3 Nf6 4. Be2 d5 5. exd5 Nxd5 6. 0-0 Nxc3 7. bxc3 e4 8. Ne1 f5 9. d4 Bd6 10. Bc4 Na5 11. Bb5+ Bd7 12. Qh5+ g6 13. Bxd7+ Qxd7 14. Qh6 0-0-0 15. f3 Nc4 16. fxe4 fxe4 17. Rb1 Rdf8 18. Bf4 b6 19. g3 Bxf4 20. Rxf4 Rxf4 21. Qxf4 Qe7 22. Ng2 Rf8 23. Qg4+ Kb8 24. Qe2 Qe6 25. Nf4 Rxf4 26. gxf4 a5 27. Rd1 Qd5 28. Re1 e3 29. a4 Qe6 30. Qf3 Qf5 31. Re2 Qd7 32. Kg2 Qxa4 33. Qd5 Qa2 34. Kg3 Qa4 35. Qg8+ Kb7 36. Qd5+ Qc6 37. Qxc6+ Kxc6 38. Kf3 a4 39. Ke4 a3 40. Re1 Kb5 41. Kd3 Nb2+ 42. Kxe3 Kc4 43. Kd2 Na4 44. Kc1 Nxc3 45. Re7 Nd5 46. Rxh7 Kxd4 47. h4 c5 48. h5 gxh5 49. f5 Nf6 50. Rb7 h4 51. Rxb6 Ke5 52. Rb3 Kxf5 53. Rxa3 Kg4 54. Kd2 h3 55. Ke3 h2 56. Ra1 Kg3 57. Kd3 Nd5 58. Kc4 Ne3+ 59. Kd3 Ng4 60. Kc4 Kg2 61. Kxc5 Ne3 62. c4 Nf1 63. Ra2+ Kg1 64. Rxh2 Kxh2 65. Kd4 Nd2 66. c5 Nb3+ 67. Kc4 Nxc5 1/2-1/2

[Event "Titled Tuesday intern op 10th Jan Early"]
[Site "Chess.com INT"]
[Date "2023.01.10"]
[Round "8"]
[White "Kamalidenova, Meruert"]
[Black "Maksimenko, Viktor"]
[Result "0-1"]
[WhiteElo "2373"]
[BlackElo "2196"]
[PlyCount "80"]
[EventDate "2023.01.10"]
[EventType "swiss (blitz)"]
[EventRounds "11"]
[EventCountry "USA"]
[SourceTitle "EXT 2024"]
[Source "ChessBase"]
[SourceDate "2023.10.10"]
[SourceVersion "1"]
[SourceVersionDate "2023.10.10"]
[SourceQuality "1"]

1. c4 e5 2. Nc3 Bb4 3. g3 Bxc3 4. bxc3 d6 5. Bg2 Ne7 6. d4 f6 7. e4 0-0 8. Ne2 Be6 9. Qb3 b6 10. 0-0 Nbc6 11. Qa4 Bd7 12. Qc2 Na5 13. c5 dxc5 14. dxc5 Be6 15. Rd1 Qe8 16. f4 Nec6 17. f5 Bc4 18. cxb6 axb6 19. Ba3 Rf7 20. Nc1 Rd7 21. Nb3 Bf7 22. Rxd7 Qxd7 23. Rd1 Qe8 24. Bc1 Nc4 25. Bf1 N6a5 26. Nxa5 Nxa5 27. c4 Qc6 28. c5 Nb7 29. Bc4 Qxc5+ 30. Kg2 Qxc4 31. Qxc4 Bxc4 32. a3 Nd6 33. Kf3 Bb3 34. Rd2 Kf7 35. g4 Ke7 36. h4 Kd7 37. g5 Bf7 38. Rd3 Ra4 39. Re3 Bh5+ 40. Kg2 Rxe4 0-1

[Event "Titled Tuesday intern op 10th Jan Early"]
[Site "Chess.com INT"]
[Date "2023.01.10"]
[Round "2"]
[White "Maksimenko, Viktor"]
[Black "Ivic, Velimir"]
[Result "0-1"]
[WhiteElo "2196"]
[BlackElo "2585"]
[PlyCount "128"]
[EventDate "2023.01.10"]
[EventType "swiss (blitz)"]
[EventRounds "11"]
[EventCountry "USA"]
[SourceTitle "EXT 2024"]
[Source "ChessBase"]
[SourceDate "2023.10.10"]
[SourceVersion "1"]
[SourceVersionDate "2023.10.10"]
[SourceQuality "1"]

1. d4 Nf6 2. c4 g6 3. Nc3 Bg7 4. e4 d6 5. h3 0-0 6. Be3 Nc6 7. d5 Ne5 8. f4 Ned7 9. g4 c6 10. Nf3 cxd5 11. cxd5 b6 12. Nd4 Nc5 13. Bg2 Ba6 14. Nc6 Qe8 15. Nb4 Bc4 16. b3 Nxg4 17. Bd4 Ne3 18. Bxe3 Bxc3+ 19. Bd2 Bxa1 20. Qxa1 Nd3+ 21. Nxd3 Bxd3 22. Qd4 Ba6 23. f5 Qc8 24. Bh6 f6 25. Bf3 Qc5 26. Qd2 Rfc8 27. fxg6 hxg6 28. Bg4 Qc3 29. Bxc8 Rxc8 30. Rg1 Kf7 31. Be3 Qxd2+ 32. Kxd2 Rh8 33. Rh1 Rh4 34. a4 Rxe4 35. a5 bxa5 36. Ra1 a4 37. bxa4 Re5 38. Bxa7 Rxd5+ 39. Kc3 Rh5 40. Kb4 Rxh3 41. Ka5 Bc4 42. Kb4 d5 43. a5 e5 44. a6 Rb3+ 45. Kc5 Ke6 46. Bb6 Bxa6 47. Rxa6 Rc3+ 48. Kb4 Rc4+ 49. Kb3 Rc6 50. Kb4 d4 51. Kb5 Rd6 52. Ra3 g5 53. Bc5 Rd7 54. Kc4 g4 55. Kd3 Kd5 56. Bb4 e4+ 57. Kd2 Ke5 58. Ra5+ Kf4 59. Ke2 d3+ 60. Ke1 e3 61. Bc3 f5 62. Ra4+ Kf3 63. Be5 d2+ 64. Kd1 e2+ 0-1

[Event "Titled Tuesday intern op 10th Jan Early"]
[Site "Chess.com INT"]
[Date "2023.01.10"]
[Round "5"]
[White "Maksimenko, Viktor"]
[Black "Molina, Roberto Junio Brito"]
[Result "0-1"]
[WhiteElo "2196"]
[BlackElo "2403"]
[PlyCount "102"]
[EventDate "2023.01.10"]
[EventType "swiss (blitz)"]
[EventRounds "11"]
[EventCountry "USA"]
[SourceTitle "EXT 2024"]
[Source "ChessBase"]
[SourceDate "2023.10.10"]
[SourceVersion "1"]
[SourceVersionDate "2023.10.10"]
[SourceQuality "1"]

1. d4 d5 2. c4 c6 3. Nf3 Nf6 4. e3 Bf5 5. Nc3 e6 6. Nh4 Bg6 7. Nxg6 hxg6 8. Rb1 a5 9. Bd3 Nbd7 10. h3 Bd6 11. 0-0 0-0 12. a3 Re8 13. c5 Bc7 14. f4 b6 15. b4 axb4 16. axb4 bxc5 17. bxc5 Nh7 18. Bd2 f5 19. Qe2 g5 20. Rb7 gxf4 21. exf4 Nhf6 22. Kh1 Kf7 23. Re1 g6 24. Bc2 Qc8 25. Rb3 Nf8 26. g4 fxg4 27. hxg4 N8d7 28. Kg2 Nf8 29. Nd1 Ra2 30. Nf2 Rxc2 31. Qd1 Rc4 32. Be3 Re7 33. Qf3 Qa6 34. Nd3 Ne4 35. Ne5+ Bxe5 36. fxe5+ Kg8 37. Rf1 Qc8 38. Bh6 Nh7 39. Kh1 Ra4 40. Rb2 Raa7 41. Qh3 Rf7 42. Rfb1 Rab7 43. Kg1 Rxb2 44. Rxb2 Rb7 45. Qg2 Qb8 46. Re2 Rb1+ 47. Kh2 Qd8 48. Kh3 Nhg5+ 49. Kh2 Nf3+ 50. Qxf3 Qh4+ 51. Qh3 Rh1+ 0-1

[Event "Titled Tuesday intern op 29th Nov Early"]
[Site "Chess.com INT"]
[Date "2022.11.29"]
[Round "6"]
[White "Maksimenko, Viktor"]
[Black "Figorito, Nick"]
[Result "1-0"]
[WhiteElo "2196"]
[BlackElo "2036"]
[PlyCount "69"]
[EventDate "2022.11.29"]
[EventType "swiss (blitz)"]
[EventRounds "11"]
[EventCountry "USA"]
[SourceTitle "EXT 2024"]
[Source "ChessBase"]
[SourceDate "2023.10.10"]
[SourceVersion "1"]
[SourceVersionDate "2023.10.10"]
[SourceQuality "1"]

1. d4 Nf6 2. c4 g6 3. Nc3 d5 4. cxd5 Nxd5 5. e4 Nxc3 6. bxc3 Bg7 7. Nf3 c5 8. Bb5+ Nc6 9. 0-0 cxd4 10. cxd4 0-0 11. Be3 Bg4 12. d5 Bxa1 13. Qxa1 Bxf3 14. gxf3 Nb8 15. Bh6 f6 16. Rc1 Nd7 17. Bxd7 Qxd7 18. Bxf8 Rxf8 19. Qc3 Qh3 20. f4 Qg4+ 21. Qg3 Qe2 22. Qe3 Qg4+ 23. Kf1 Qh5 24. Rc7 Re8 25. h3 Qd1+ 26. Kg2 Qa4 27. Rxb7 Qxa2 28. Qxa7 Qc4 29. Rxe7 Rxe7 30. Qxe7 f5 31. d6 Qb4 32. Qe8+ Kg7 33. d7 fxe4 34. d8Q Kh6 35. Qf8+ 1-0

[Event "Titled Tuesday intern op 29th Nov Early"]
[Site "Chess.com INT"]
[Date "2022.11.29"]
[Round "4"]
[White "Maksimenko, Viktor"]
[Black "Koridze, Lile"]
[Result "1-0"]
[WhiteElo "2196"]
[BlackElo "2139"]
[PlyCount "61"]
[EventDate "2022.11.29"]
[EventType "swiss (blitz)"]
[EventRounds "11"]
[EventCountry "USA"]
[SourceTitle "EXT 2024"]
[Source "ChessBase"]
[SourceDate "2023.10.10"]
[SourceVersion "1"]
[SourceVersionDate "2023.10.10"]
[SourceQuality "1"]

1. d4 Nf6 2. c4 e6 3. g3 d5 4. Bg2 Bb4+ 5. Bd2 Be7 6. Nf3 0-0 7. Qc2 c6 8. h4 b6 9. h5 h6 10. Nc3 Bb7 11. e4 dxe4 12. Nxe4 Nbd7 13. Bc3 c5 14. Nxf6+ Nxf6 15. 0-0-0 cxd4 16. Rxd4 Qc7 17. g4 e5 18. Rdd1 Nxg4 19. Rhg1 e4 20. Nd4 Qf4+ 21. Kb1 Rad8 22. Bh3 f5 23. Ne6 Rxd1+ 24. Qxd1 Qxf2 25. Bxg4 fxg4 26. Qxg4 Rf7 27. Nxg7 Kf8 28. Ne6+ Ke8 29. Rd1 Qf5 30. Ng7+ Rxg7 31. Qxf5 1-0

[Event "Titled Tuesday intern op 18th Oct Early"]
[Site "Chess.com INT"]
[Date "2022.10.18"]
[Round "5"]
[White "Maksimenko, Viktor"]
[Black "Urazayev, Arystanbek"]
[Result "0-1"]
[WhiteElo "2197"]
[BlackElo "2458"]
[PlyCount "100"]
[EventDate "2022.10.18"]
[EventType "swiss (blitz)"]
[EventRounds "11"]
[EventCountry "USA"]
[SourceTitle "EXT 2024"]
[Source "ChessBase"]
[SourceDate "2023.10.10"]
[SourceVersion "1"]
[SourceVersionDate "2023.10.10"]
[SourceQuality "1"]

1. d4 d5 2. c4 e6 3. Nf3 a6 4. g3 dxc4 5. Bg2 Nf6 6. 0-0 b5 7. Ne5 Nd5 8. a4 Bb7 9. e4 Nf6 10. axb5 axb5 11. Rxa8 Bxa8 12. Nc3 c6 13. d5 Be7 14. dxe6 fxe6 15. Qe2 0-0 16. Bh3 Kh8 17. Rd1 Qe8 18. Bxe6 b4 19. Nb1 c5 20. Bxc4 Nxe4 21. f3 Nf6 22. Re1 Nc6 23. Nxc6 Qxc6 24. Qxe7 Re8 25. Qxe8+ Nxe8 26. Bd5 Qc8 27. Bxa8 Qxa8 28. Be3 c4 29. Nd2 c3 30. bxc3 bxc3 31. Ne4 c2 32. Rc1 Qc6 33. Kf2 h6 34. Ke2 Nc7 35. Kd2 Qd5+ 36. Ke2 Qc4+ 37. Kd2 Nd5 38. Rxc2 Qf1 39. Nc3 Qg2+ 40. Kc1 Qxf3 41. Nxd5 Qxd5 42. Bf4 Kh7 43. h4 Kg6 44. Bc7 Kf5 45. Bf4 Kg4 46. Bc7 g5 47. hxg5 hxg5 48. Kb1 Qb3+ 49. Kc1 Kf3 50. Be5 Qe3+ 0-1